00851nam a2200229 a 4500001001000000005001700010008004100027020001500068040001300083050002300096100003700119245010200156260002300258300002400281500005700305650005000362650004200412700003700454942001100491999001500502952010400517BRCA_132220190320203356.0010126s2001 mx-a---##b---#001-0cspa-# a9685208034 aDLCcDLC 4aZ994.M4b.H47 20011 aHernández López, Selva9433010aEx libris mexicanosbartistas del siglo XXcSelva Hernández López, Mercurio López Casillas. aMéxicobRMc2001 a145 p.bil.c28 cm. aIncluye índice de artistas e índice de titulares14aEx-libris mexicanosxHistoriaySiglo XX9433114aArtistasvBiografíazMéxico936121 aLópez Casillas, Mercurio94332 2lcccB c1186d1186 00104070aBRCAbBRCAd2008-06-26l0oZ994.M4 .H47 2001p01838r2019-03-22 00:00:00w2019-03-22yB